| 000 | 00549nam a22001577a 4500 | ||
|---|---|---|---|
| 003 | SISC | ||
| 005 | 20170606145302.0 | ||
| 008 | 170606b xxu||||| |||| 00| 0 eng d | ||
| 020 | _a9789719676171 | ||
| 050 |
_aLB 1765.P6 _b.G984 2015 |
||
| 100 | _aGutierrez, Joselito Castro. | ||
| 245 |
_aCompetency-based LET reviewer : _bfor general and professional education / _cJoselito Castro Gutierrez (and 10 others). |
||
| 260 |
_aMalabon City : _bJimczyville Publications, _c2015. |
||
| 300 |
_aii, 176 pages : _billustrations ; _c22 cm. |
||
| 942 |
_2lcc _cBK |
||
| 999 |
_c335210 _d335210 |
||